MARC

LEADER 00000nam0a2200000 4500
001 117712
005 20231031123904.0
010 |a 7500452365 
035 |a (RuTPU)RU\TPU\book\127416 
090 |a 117712 
100 |a 20070606d2005 k y0chiy50 ea 
101 0 |a chi 
102 |a CN 
105 |a y z 000zy 
200 1 |a Перспективы и проблемы развития Европы  |f под ред. Ху Жунхуа 
210 |a Пекин  |c Китайское общественно-научное изд-во  |d 2005 
215 |a 529 с. 
225 1 |a Европейские исследования в Китае 
300 |a Книга на китайском языке. 
610 1 |a экономика 
610 1 |a политика 
610 1 |a Европа 
610 1 |a законодательство 
610 1 |a внешняя политика 
610 1 |a политические исследования 
610 1 |a экономические исследования 
610 1 |a 20 век 
610 1 |a Китай 
686 |a Ф3(4)  |v LBC/SL-A  |2 rubbk 
686 |a У9(4)  |v LBC/SL-A  |2 rubbk 
702 0 |a Ху Жунхуа  |4 340 
801 1 |a RU  |b 63413507  |c 20070606  |g PSBO 
801 2 |a RU  |b 63413507  |c 20220530  |g PSBO 
942 |c BK